000 01281nam a2200337 i 4500
001 192675
003 SpMaBN
005 20240225063100.0
007 ta
008 230511s2022 sp | |||| 000 p spa
017 _aB 13444-2020
_bOficina Depósito Legal Barcelona
020 _a9788447150274
040 _aSpMaBN
_bspa
_cES-MaACL
_erda
080 _a821.134.2-14"19"
100 1 _aMachado, Antonio,
_d1875-1939
_eaut
_975151
245 1 0 _aPoemas esenciales /
_cAntonio Machado ; selección de Jesús García Sánchez
264 1 _aBarcelona :
_bSalvat,
_c[2022]
300 _a280 páginas ;
_c22 cm
336 _aTexto
_2rdacontent
337 _asin mediación
_2rdamedia
338 _avolumen
_2rdacarrier
500 _aÍndice
505 _aOración por Antonio Machado / Rubén Darío. Soledades, galerías y otros poemas ; Campos de Castilla ; Nuevas canciones ; Poesía de la guerra
700 0 _aGarcía Sánchez, Jesús,
_d1945-
_9226358
_epbl
700 1 _aDarío, Rubén,
_d1867-1916
_eaut
_942720
740 0 _aOración por Antonio Machado
852 _aES-MaACL
_bR. 153164
_cDEPOJ
_hDonación: Editorial
_jN-8302
_xEncuadernación: cartoné
_9199971
942 _n0
_cMONOGRAFIA
999 _c192675
_d192675